000 00335 a2200157 4500
001 62503
020 _a7898034593222
040 _cAnchieta - Pituba
100 _aCoelho, Paulo
240 1 0 _aBosque de cedros
_lpor
245 1 0 _aBosque de cedros
300 _a64
362 0 _a1999
650 4 _aLiteratura brasileira
942 _cBK
999 _c62503
_d62503